|
|
|
|
| LEADER |
00000nam a2200000 a 4500 |
| 005 |
2013071108158.0 |
| 007 |
cr|||| ||u| |
| 008 |
101213s2010 sp 000 0 spa c |
| 020 |
|
|
|a 9788498499704
|
| 035 |
|
|
|a 11402
|
| 040 |
|
|
|a UAL
|d vLex
|
| 080 |
|
|
|a 351.855(460):796.332.072.4
|
| 090 |
|
|
|c 4438
|d 4438
|
| 245 |
0 |
0 |
|a ℓrbitro de ft︢bol
|h [Recurso electrn̤ico] :
|b arbitraje y juicio deportivo /
|c Jos ̌Antonio Ruiz Caballero ... [et al.]
|
| 256 |
|
|
|a Servicio en ln̕ea
|
| 260 |
|
|
|a Madrid :
|b Dykinson,
|c 2010
|
| 300 |
|
|
|a 251 p.
|
| 500 |
|
|
|a En la cubierta: Federacin̤ Interinsular de Ft︢bol de Las Palmas; Universidad de Las Palmas de Gran Canaria
|
| 504 |
|
|
|a Bibliografa̕
|
| 506 |
1 |
|
|a Contenido solo disponible en los productos indicados
|d vLex Global
|d vLex Global (Academic Edition, excluding Law Schools)
|d vLex Global (U.S. Academic Edition, Law Schools)
|d vLex Global (U.S. Academic Edition, excluding Law Schools)
|d vLex Global (Academic Edition, Law Schools)
|
| 650 |
|
4 |
|a Arbitraje (Deporte)
|
| 650 |
|
4 |
|a Futbol
|
| 650 |
|
4 |
|a Futbol
|x Derecho y legislacin̤
|z Espaą
|
| 700 |
1 |
|
|a Ruiz Caballero, Jos ̌Antonio
|
| 740 |
0 |
|
|a vLex Libros (Servicio en ln̕ea)
|
| 856 |
4 |
0 |
|u http://vlex.com/source/arbitro-de-futbol-arbitraje-y-juicio-deportivo-11402
|z Acceso restringido
|
| 942 |
|
|
|c BOOK
|
| 999 |
0 |
|
|a Sports officiating
|